000 00694nam a22002537a 4500
001 BR2010004779
003 BR-BrBNA
005 20230928103353.0
007 ta
008 230509b bl.||||| |||| 00| 0 por d
040 _aBR-BrBNA
_bpor
_cBiblioteca Nacional de Agricultura
041 _a(Por)
072 _aF01; H60
_b2120
090 _ 2120 BR2010004779
110 1 _aICI Brasil S.A., São Paulo, SP (Brasil)
_95544
245 1 _aCultura do café e o controle de ervas daninhas
260 3 _aSão Paulo, SP (Brasil):
_c[nd].
300 _a6 p.
650 _aCAFÉ
650 _aPRÁTICA CULTURAL
650 _aERVA DANINHA
909 _a202309
_bLucia
_c55
_dLucia Elande
942 _cBK
999 _c74820
_d74820